Riešenie Pell–Fermatových rovníc

Uložené v:
Podrobná bibliografia
Hlavný autor: Vertaľová, Katarína (Autor)
Ďalší autori: Čipková, Karla (Vedúci práce)
Médium: Rukopis Kniha
Jazyk:Slovak
Vydavateľské údaje: Bratislava : STU v Bratislave FEI, 2025
Predmet:
On-line prístup:https://opac.crzp.sk/?fn=detailBiblioFormChildMDFNPV&sid=BA75C2D62745AD5723E8909ED92F&seo=CRZP-detail-kniha
Tagy: Pridať tag
Žiadne tagy, Buďte prvý, kto otaguje tento záznam!

MARC

LEADER 00000ntm a22000003a 4500
001 stuzp93511
003 SK-STU
005 20260128102211.0
007 ta
008 150427s2015----xo-----f-mn---000-0-slo-d
040 |a STU  |b slo 
041 0 |a slo 
044 |a xo 
100 1 |a Vertaľová, Katarína  |u 035000  |4 aut  |U FEI Fakulta elektrotechniky a informatiky  |T FEI Ústav informatiky a matematiky  |X 111483  |U E050  |Y 816  |7 111483 
242 0 1 |a Solving Pell–Fermat Equations  |y eng 
245 1 0 |a Riešenie Pell–Fermatových rovníc 
260 |a Bratislava :  |b STU v Bratislave FEI,  |c 2025 
300 |a 65 s. 
650 4 |a jednoduchý reťazový zlomok  |2 slo 
650 4 |a kvadratický zvyšok  |2 slo 
650 4 |a Pellova rovnica  |2 slo 
650 4 |a konečné pole  |2 slo 
650 4 |a komutatívna grupa  |2 slo 
650 4 |a kvadratický nezvyšok  |2 slo 
650 4 |a Pell’s equation  |2 eng 
650 4 |a quadratic residue  |2 eng 
650 4 |a finite field  |2 eng 
650 4 |a commutative group  |2 eng 
650 4 |a simple continued fraction,  |2 eng 
650 4 |a quadratic non-residue  |2 eng 
700 1 |a Čipková, Karla  |u 035000  |k Z1  |4 ths  |U FEI Fakulta elektrotechniky a informatiky  |T FEI Ústav informatiky a matematiky  |X 2149  |U E050  |Y 816  |7 A000002149 
856 4 |u https://opac.crzp.sk/?fn=detailBiblioFormChildMDFNPV&sid=BA75C2D62745AD5723E8909ED92F&seo=CRZP-detail-kniha